| 000 -LEADER |
| fixed length control field |
00828cam a2200217 a 4500 |
| 020 ## - INTERNATIONAL STANDARD BOOK NUMBER |
| ISBN |
0821359576 |
| 040 ## - CATALOGING SOURCE |
| Transcribing agency |
DJB |
| 082 ## - DEWEY DECIMAL CLASSIFICATION NUMBER |
| Classification number |
332 WOR 2005 A079 Or. |
| 245 10 - TITLE STATEMENT |
| Title |
Investment climate, growth, and poverty / |
| 260 ## - PUBLICATION, DISTRIBUTION, ETC. (IMPRINT) |
| Place of publication |
Washington, D.C. : |
| Name of publisher |
World Bank ; |
| Place of publication |
[Berlin, Germany] : |
| Name of publisher |
Internationale Weiterbildung und Entwicklung gGmbh |
| Year of publication |
c2005. |
| 300 ## - PHYSICAL DESCRIPTION |
| Number of Pages |
vii, 128 p. : |
| Other physical details |
ill. ; |
| Dimensions |
26 cm. |
| 500 ## - GENERAL NOTE |
| General note |
"The articles in this volume were presented at the sixth annual Berlin Workshop, held September 3-5, 2003"--P. 1. |
| 650 #0 - SUBJECT ADDED ENTRY--TOPICAL TERM |
| Topical Term |
Investments, Foreign |
| 650 #0 - SUBJECT ADDED ENTRY--TOPICAL TERM |
| Topical Term |
Poverty |
| 700 1# - ADDED ENTRY--PERSONAL NAME |
| Personal name |
Kochendörfer-Lucius, Gudrun. |
| 700 1# - ADDED ENTRY--PERSONAL NAME |
| Personal name |
Pleskovic, Boris. |
| 710 2# - ADDED ENTRY--CORPORATE NAME |
| Corporate name or jurisdiction name as entry element |
World Bank. |
| 710 2# - ADDED ENTRY--CORPORATE NAME |
| Corporate name or jurisdiction name as entry element |
Internationale Weiterbildung und Entwicklung gGmbh. |
| 856 41 - ELECTRONIC LOCATION AND ACCESS |
| Uniform Resource Identifier |
http://www.loc.gov/catdir/toc/fy053/2005351025.html |
| 942 ## - ADDED ENTRY ELEMENTS (KOHA) |
| Koha item type |
សៀវភៅភាសាអង់គ្លេស |
| 952 ## - LOCATION AND ITEM INFORMATION (KOHA) |
| Withdrawn status [LOCAL, KOHA] |
0 |